000 00485nam a2200193Ia 4500
005 20230427103427.0
008 131103s9999 xx 000 0 und d
040 _aLoreto College
041 _aEnglish
082 _a823.8
_bDIC
100 _aDickens, Charles
245 _aLittle dorrit
_cCharles Dickens
260 _aLondon
_bCollins
_c1954
300 _a768p.
504 _aIncludes bibliographical references
650 _aEnglish fiction
850 _aLCLIB
942 _cBK
999 _c22185
_d72664